000 00784nam a2200241Ia 4500
003 OSt
005 20220925213601.0
006 a|||||r|||| 00| 0
007 ta
008 220923b |||||||| |||| 00| 0 eng d
037 _cGeneral Book
040 _aRTL
_cRTL
_beng
041 _2eng
_aeng
082 _aNB,5.3.N7, L0.1
100 _aStone P A
_9278673
245 0 _aUrban development in Britain
_b Standards, costs and resources, 1964-2004
260 _aLondon
_bCambridge University Press UK
_c1970
300 _axxii,409p.
_ccm.
490 _vV1
_aNational Institute Of Economic And Social Research, Economic And Social Studies.26
650 _aFine Arts
_934717
942 _hNB,5.3.N7, L0.1
_cGB
_2CC
999 _c563270
_d563270